000 01035nam0a22002771 4500
001 rc\2778488
005 20250810050208.0
035 _a(NLR Aleph) 006904740
090 _a7284685
_c7284685
100 _a20110915d1942 u y0rusy50 ca
101 0 _arus
102 _aRU
105 _ay z |||||
200 1 _aСлава героям
_eСборник лит.-худож. произведений для эстрады, театров и самодеятельности
_fСост. Е. Куманина
210 _aМосква
_aЛенинград
_cИскусство
_d1942
215 _a96 с.
_d14 см.
300 _aНа обл. подзаголов.: Эстрадный сборник
300 _aНа обороте тит. л.: Сост. Е. Куманина
702 1 _aКуманина
_bЕ.
_4220
801 0 _aRU
_bNLR
_gpsbo
801 1 _aRU
_bELAR
_2rusmarc
852 _aNLR
_j57-1/1115
942 _cBOOK
945 _aРоссийская национальная библиотека
980 _aNB
980 _aBV